Southville International School and Colleges
Your cart is empty.
  • Cart
  • Lists
    Public lists Eva Luna New books Lux_list list_1
    Your lists Log in to create your own lists
  • Log in to your account
  • Your cookies
  • Search history
Southville International School and Colleges
  • Advanced search
  • Recent comments
  • Most popular
  • Libraries

Log in to your account

Log in with GOOGLE


If you do not have an external account, but do have a local account, you can still log in:

  1. Home
  2. MARC view: The devil's own :
Normal view MARC view ISBD view

The devil's own : (Record no. 11506)

[ view plain ]
MARC details
000 -LEADER
fixed length control field 01058cam a22003133a 4500
001 - CONTROL NUMBER
control field 16414613
003 - CONTROL NUMBER IDENTIFIER
control field LC
005 - DATE AND TIME OF LATEST TRANSACTION
control field 20160314110831.0
008 - FIXED-LENGTH DATA ELEMENTS--GENERAL INFORMATION
fixed length control field 970317s1997 nyu 000 1 eng d
010 ## - LIBRARY OF CONGRESS CONTROL NUMBER
LC control number 97809484
020 ## - INTERNATIONAL STANDARD BOOK NUMBER
International Standard Book Number 9780440223870
035 ## - SYSTEM CONTROL NUMBER
System control number (OCoLC)ocm36559608
040 ## - CATALOGING SOURCE
Original cataloging agency EOW
Transcribing agency EOW
Modifying agency ECL
-- SVP
-- OCL
-- OCLCQ
-- DLC
050 00 - LIBRARY OF CONGRESS CALL NUMBER
Classification number PS 3564 .E9153
Item number .N462 1997
082 ## - DEWEY DECIMAL CLASSIFICATION NUMBER
Classification number FIC
Item number N46d 1997
100 1# - MAIN ENTRY--PERSONAL NAME
Personal name Newman, Christopher.
9 (RLIN) 20442
245 14 - TITLE STATEMENT
Title The devil's own :
Remainder of title a novel /
Statement of responsibility, etc by Christopher Newman ; based on a story by Kevin Jarre ; screenplay by David Aaron Cohen & Vincent Patrick and Kevin Jarre.
260 ## - PUBLICATION, DISTRIBUTION, ETC. (IMPRINT)
Place of publication, distribution, etc New York :
Name of publisher, distributor, etc Dell Publishing,
Date of publication, distribution, etc c1997.
300 ## - PHYSICAL DESCRIPTION
Extent 277 p. ;
Dimensions 18 cm.
500 ## - GENERAL NOTE
General note "A Dell book."
562 ## - COPY AND VERSION IDENTIFICATION NOTE
Number of copies 1
655 #7 - INDEX TERM--GENRE/FORM
Genre/form data or focus term Movie novels.
Source of term gsafd
9 (RLIN) 4383
655 #7 - INDEX TERM--GENRE/FORM
Genre/form data or focus term Suspense fiction.
Source of term gsafd
9 (RLIN) 6032
700 1# - ADDED ENTRY--PERSONAL NAME
Personal name Jarre, Kevin.
9 (RLIN) 20443
710 2# - ADDED ENTRY--CORPORATE NAME
Corporate name or jurisdiction name as entry element Copyright Paperback Collection (Library of Congress)
Institution to which field applies DLC
9 (RLIN) 705
906 ## - LOCAL DATA ELEMENT F, LDF (RLIN)
a 7
b cbc
c copycat
d 2
e ncip
f 19
g y-genrareb
942 ## - ADDED ENTRY ELEMENTS (KOHA)
Source of classification or shelving scheme Library of Congress Classification
Koha item type Books
Holdings
Withdrawn status Lost status Source of classification or shelving scheme Damaged status Home library Current library Shelving location Date acquired Source of acquisition Total Checkouts Full call number Barcode Date last seen Date checked out Copy number Price effective from Koha item type
    Library of Congress Classification   Luxembourg Library Luxembourg Library Fiction Section 09/17/2013 Donation 1 PS 3564 .E9153 .N462 1997 10614 05/25/2015 08/01/2014 1 09/17/2013 Books

The devil's own :

APA

Newman C., Jarre K. & Copyright Paperback Collection (Library of Congress). (1997). The devil's own. New York: Dell Publishing.

Chicago

Newman Christopher, Jarre Kevin and Copyright Paperback Collection (Library of Congress). 1997. The devil's own. New York: Dell Publishing.

Harvard

Newman C., Jarre K. and Copyright Paperback Collection (Library of Congress). (1997). The devil's own. New York: Dell Publishing.

MLA

Newman Christopher, Jarre Kevin and Copyright Paperback Collection (Library of Congress). The devil's own. New York: Dell Publishing. 1997.

  • Place hold
  • Print
  • Cite
  • Add to your cart (remove)
  • Save record
    BIBTEX Dublin Core MARCXML MARC (non-Unicode/MARC-8) MARC (Unicode/UTF-8) MARC (Unicode/UTF-8, Standard) MODS (XML) RIS
  • More searches
    Search for this title in:
    Other Libraries (WorldCat) Other Databases (Google Scholar) Online Stores (Bookfinder.com) Open Library (openlibrary.org)

Exporting to Dublin Core...

SOUTHVILLE LIBRARY

Southville International School and Colleges Library

1281 Tropical Ave. Cor. Luxembourg St., BF Homes International, Las Pinas City

Tel. No. 8256374 / 252358 Loc. 117/146

Powered by Koha